[Event "Foment Martinenc op-A 23rd"]
[Site "Barcelona"]
[Date "2023.05.27"]
[Round "6"]
[White "Bru Rullo, Samuel"]
[Black "Riera Ribas, Marti"]
[Result "1-0"]
[WhiteElo "1885"]
[BlackElo "1564"]
[PlyCount "65"]
[EventDate "2023.04.22"]
[EventType "swiss"]
[EventRounds "9"]
[EventCountry "ESP"]
[SourceTitle "EXT 2024"]
[Source "ChessBase"]
[SourceDate "2023.10.10"]
[SourceVersion "1"]
[SourceVersionDate "2023.10.10"]
[SourceQuality "1"]

1. d4 Nf6 2. c4 g6 3. f3 Bg7 4. e4 d6 5. Nc3 0-0 6. Nge2 c5 7. Be3 cxd4 8. Nxd4 Nc6 9. Qd2 a6 10. g4 h5 11. gxh5 Nxh5 12. 0-0-0 Nxd4 13. Bxd4 b5 14. Bxg7 Nxg7 15. cxb5 axb5 16. Bxb5 Be6 17. Bc6 Ra5 18. Kb1 Qb6 19. Bd5 Bxd5 20. Nxd5 Qa7 21. Nxe7+ Qxe7 22. Qxa5 Rb8 23. Rd3 Ne6 24. Rhd1 Nc5 25. Rxd6 Nb7 26. Qa7 Qf8 27. Rb6 Rd8 28. Rxd8 Qxd8 29. a3 Qd3+ 30. Ka2 Qc4+ 31. Rb3 Nc5 32. Qb8+ Kh7 33. Qb4 1-0

[Event "Foment Martinenc op-A 23rd"]
[Site "Barcelona"]
[Date "2023.05.20"]
[Round "5"]
[White "Icart Pujol, Elies"]
[Black "Bru Rullo, Samuel"]
[Result "0-1"]
[WhiteElo "1713"]
[BlackElo "1885"]
[PlyCount "136"]
[EventDate "2023.04.22"]
[EventType "swiss"]
[EventRounds "9"]
[EventCountry "ESP"]
[SourceTitle "EXT 2024"]
[Source "ChessBase"]
[SourceDate "2023.10.10"]
[SourceVersion "1"]
[SourceVersionDate "2023.10.10"]
[SourceQuality "1"]

1. Nf3 c5 2. c4 g6 3. g3 Bg7 4. Bg2 e6 5. d4 Ne7 6. d5 exd5 7. cxd5 d6 8. Nc3 0-0 9. 0-0 f5 10. Bf4 a6 11. a4 Qb6 12. Qd2 Nd7 13. Qe3 Qxb2 14. Qxe7 Qxc3 15. Qe6+ Kh8 16. Ng5 Qf6 17. Rab1 Ne5 18. Qxf6 Bxf6 19. Ne6 Rf7 20. Rfc1 Rb8 21. Rb6 Rd7 22. Nxc5 Rd8 23. Nxa6 Ra8 24. Nc5 g5 25. Bd2 Ra7 26. a5 Be7 27. Nxb7 Rxb7 28. Rxb7 Bxb7 29. Rc7 Rd7 30. Rc6 Bxc6 31. dxc6 Rc7 32. Be3 Nxc6 33. Bb6 Rc8 34. a6 Ra8 35. Bxc6 Rxa6 36. Bd4+ Kg8 37. Bd5+ Kf8 38. e3 Bd8 39. Be6 Ra5 40. Kg2 Ke7 41. Bb3 Bc7 42. Bg8 h5 43. Bc4 Bb8 44. Bb3 Ba7 45. Bg7 Bc5 46. Bg8 Ra4 47. Bb3 Rb4 48. Bd1 h4 49. Bc3 Rb1 50. Be2 hxg3 51. hxg3 Rc1 52. Bd4 Bxd4 53. exd4 d5 54. Kf3 Rc3+ 55. Kg2 g4 56. Ba6 Ra3 57. Bb7 Kd6 58. Bc8 Rf3 59. Bb7 Rd3 60. Bc8 Rxd4 61. Bxf5 Ke5 62. Bd7 Re4 63. Bc6 d4 64. Kf1 d3 65. f4+ gxf3 66. Bxe4 Kxe4 67. Ke1 Ke3 68. g4 f2+ 0-1

[Event "Badalona Castella op-B 45th"]
[Site "Badalona"]
[Date "2019.08.03"]
[Round "2.10"]
[White "Palau Fontanet, David"]
[Black "Bru Rullo, Samuel"]
[Result "0-1"]
[WhiteElo "1663"]
[BlackElo "1867"]
[PlyCount "84"]
[EventDate "2019.08.02"]
[EventType "swiss"]
[EventRounds "9"]
[EventCountry "ESP"]
[SourceTitle "EXT 2024"]
[Source "ChessBase"]
[SourceDate "2023.10.10"]
[SourceVersion "1"]
[SourceVersionDate "2023.10.10"]
[SourceQuality "1"]

1. d4 Nf6 2. Bf4 b6 3. Nf3 Bb7 4. e3 Nh5 5. Bg5 h6 6. Bh4 g5 7. Ne5 Ng7 8. Bg3 d6 9. Nf3 Nf5 10. Nbd2 Bg7 11. c3 c5 12. Bb5+ Nd7 13. Qa4 Nxg3 14. hxg3 a6 15. Bxd7+ Qxd7 16. Qxd7+ Kxd7 17. 0-0 f5 18. dxc5 bxc5 19. Rfd1 Rab8 20. Rac1 Bc6 21. b3 Kc7 22. Nc4 Rhf8 23. Ncd2 f4 24. exf4 gxf4 25. gxf4 Rxf4 26. c4 Rbf8 27. Re1 e5 28. Re2 e4 29. g3 Rxf3 30. Nxf3 Rxf3 31. Re3 Rf7 32. Rd1 Bd4 33. Re2 Rf3 34. Rde1 Rxg3+ 35. Kh2 Rf3 36. Kg1 h5 37. Rd1 e3 38. fxe3 Bxe3+ 39. Kh2 Bf4+ 40. Kg1 h4 41. Rf1 Be3+ 42. Kg2 Rf2+ 0-1

[Event "Barcelona Puig Memorial op 2nd"]
[Site "Barcelona"]
[Date "2016.09.28"]
[Round "1"]
[White "Bru Rullo, Samuel"]
[Black "Dominguez Rueda, Juan"]
[Result "1-0"]
[WhiteElo "1837"]
[BlackElo "2115"]
[PlyCount "79"]
[EventDate "2016.09.28"]
[EventType "swiss"]
[EventRounds "9"]
[EventCountry "ESP"]
[SourceTitle "EXT 2018"]
[Source "ChessBase"]
[SourceDate "2017.10.13"]
[SourceVersion "1"]
[SourceVersionDate "2017.10.13"]
[SourceQuality "1"]

1. e4 c6 2. d4 d5 3. exd5 cxd5 4. c4 Nf6 5. Nc3 e6 6. Bf4 Bd6 7. Bxd6 Qxd6 8. c5 Qe7 9. Nf3 0-0 10. Bd3 Nc6 11. 0-0 Bd7 12. a3 a5 13. Na4 e5 14. dxe5 Nxe5 15. Nb6 Nxf3+ 16. Qxf3 Rad8 17. b4 Be6 18. Rac1 axb4 19. axb4 Nd7 20. Nxd7 Qxd7 21. Qg3 Ra8 22. f4 Bf5 23. Rfd1 Rfd8 24. Qg5 Bxd3 25. Rxd3 h6 26. Qe5 Ra2 27. Rg3 f6 28. Qxf6 Re8 29. Qd6 Qxd6 30. cxd6 Rd8 31. Rc7 g5 32. fxg5 h5 33. Re3 d4 34. Re1 d3 35. d7 d2 36. Rd1 Kf7 37. Kf2 Ke7 38. Rxb7 Kd6 39. b5 h4 40. Ke2 1-0

[Event "Badalona op-B 42nd"]
[Site "Badalona"]
[Date "2016.08.10"]
[Round "9"]
[White "Bru Rullo, Samuel"]
[Black "Cano Sevila, Ivan"]
[Result "1/2-1/2"]
[WhiteElo "1803"]
[BlackElo "1890"]
[PlyCount "93"]
[EventDate "2016.08.02"]
[EventType "swiss"]
[EventRounds "9"]
[EventCountry "ESP"]
[SourceTitle "CBM 174 Extra"]
[Source "ChessBase"]
[SourceDate "2016.10.10"]
[SourceVersion "1"]
[SourceVersionDate "2016.10.10"]
[SourceQuality "1"]

1. e4 c5 2. c3 g6 3. d4 cxd4 4. cxd4 d5 5. e5 Bg7 6. Nf3 Bg4 7. Nc3 e6 8. Qa4+ Nc6 9. Nb5 Bf8 10. Bg5 Qd7 11. Rc1 Bxf3 12. gxf3 Bb4+ 13. Bd2 Bxd2+ 14. Kxd2 Nge7 15. Nd6+ Kf8 16. Bb5 Kg7 17. Rc2 a6 18. Bxc6 bxc6 19. Rhc1 Rhb8 20. Qa5 Qa7 21. Qc3 a5 22. Qe3 Rb4 23. Kd3 Rab8 24. Qf4 Nf5 25. Nxf5+ exf5 26. e6 Qa6+ 27. Ke3 Re8 28. Qe5+ f6 29. Qc7+ Kh6 30. Qd7 f4+ 31. Kxf4 Rxd4+ 32. Kg3 Qd3 33. Qxe8 Qf5 34. Kg2 Rd3 35. Qf8+ Kh5 36. Qd6 Qxf3+ 37. Kg1 Rd1+ 38. Rxd1 Qxd1+ 39. Kg2 Qxc2 40. Qf4 g5 41. Qe3 d4 42. Qxd4 Qe2 43. Qe3 Qg4+ 44. Kf1 Kg6 45. e7 Qc4+ 46. Kg2 Qg4+ 47. Kf1 1/2-1/2

[Event "Badalona op-B 42nd"]
[Site "Badalona"]
[Date "2016.08.03"]
[Round "2"]
[White "Bru Rullo, Samuel"]
[Black "Romeu Perulles, Jaume"]
[Result "1-0"]
[WhiteElo "1803"]
[BlackElo "1937"]
[PlyCount "106"]
[EventDate "2016.08.02"]
[EventType "swiss"]
[EventRounds "9"]
[EventCountry "ESP"]
[SourceTitle "CBM 174 Extra"]
[Source "ChessBase"]
[SourceDate "2016.10.10"]
[SourceVersion "1"]
[SourceVersionDate "2016.10.10"]
[SourceQuality "1"]

1. Nf3 f5 2. c4 Nf6 3. g3 e6 4. Bg2 Be7 5. 0-0 0-0 6. d4 d6 7. Nc3 Qe8 8. b4 Qh5 9. a4 Ne4 10. Qc2 Nxc3 11. Qxc3 Nd7 12. Bb2 g5 13. Nd2 Rf6 14. f4 Rh6 15. fxg5 Bxg5 16. Nf3 Bf6 17. Qc2 e5 18. Bc1 e4 19. Bxh6 exf3 20. Bxf3 Qxh6 21. Bd5+ Kh8 22. Rad1 c6 23. Bg2 Nf8 24. d5 c5 25. b5 Bd7 26. Kh1 Ng6 27. e4 f4 28. gxf4 Nxf4 29. Qd2 Be5 30. Rf2 Bg4 31. Rdf1 Rf8 32. Qa5 Bh3 33. Bxh3 Qxh3 34. Qd2 Qh4 35. Qc1 Rf6 36. Qd2 Nh3 37. Rxf6 Bxf6 38. Qg2 Nf4 39. Qg3 Qxg3 40. hxg3 Nh5 41. Kg2 Be5 42. Rf7 Nxg3 43. Rxb7 Nxe4 44. Rxa7 Nf6 45. b6 Bc3 46. b7 Nd7 47. Ra8+ Kg7 48. b8Q Nxb8 49. Rxb8 Kf6 50. Rh8 Ke5 51. Rxh7 Kd4 52. Rh4+ Ke5 53. Kf3 Be1 1-0